| 000 | 00715nam a22001577a 4500 | ||
|---|---|---|---|
| 003 | OSt | ||
| 005 | 20161031100517.0 | ||
| 008 | 161031b xxu||||| |||| 00| 0 eng d | ||
| 040 | _cRUA | ||
| 082 | _aAED KHE 2015 B523 Or.1 | ||
| 100 |
_911004 _aKHEANG HOKSEG; ឃាង ហុកសេង |
||
| 245 | _aThe study on households livelihood in roka commune, kandal stung district, kandal province, ការសិក្សាអំពីកម្រិតជីវភាពរស់នៅរបស់ប្រជាជន នៅឃុំរកា ស្រុកកណ្ដាលស្ទឹង ខេត្តកណ្ដាល | ||
| 260 |
_aRUA _bKHE _c2015 |
||
| 300 |
_axi,39p. _bill. _c29cm. |
||
| 942 |
_2ddc _cAED |
||
| 999 |
_c10586 _d10586 |
||